| 000 | 00726nam a2200181 a 4500 | ||
|---|---|---|---|
| 003 | 0 | ||
| 005 | 20250623121802.0 | ||
| 008 | 021118s19uu xx 00 eng d | ||
| 050 |
_aPHS HV 6626.2 _b.Ig36 1999 |
||
| 100 | _aIgnacio, Mary Louise. | ||
| 245 |
_aCauses and effects of emotional abuse on senior hs students of selected schools : _bschool year 1998-1999 / _cMary Louise Ignacio. |
||
| 260 |
_aLas PiƱas City, Philippines : _bSouthville International School and Colleges, _c1999. |
||
| 300 |
_a30 pages : _billustrations ; _c28 cm. |
||
| 650 |
_aEmotional abuse _zPhilippines _xCase studies. |
||
| 650 |
_aStudents _xAbuse of _zPhilippines. |
||
| 650 |
_aAbused teenagers _zPhilippines _xMental health. |
||
| 942 |
_2lcc _cPASS |
||
| 999 |
_c96247 _d96247 |
||